Alle Länder Preussens (mit Karte) - Statistiken

Allgemein
  • Dieses Quiz wurde 80 mal gespielt
  • Das Durchschnittsergebnis liegt bei 10 aus 13
Antworten auf der Karte
Die Antworten werden auf der Karte rot bzw. grün angezeigt, abhängig davon wie oft sie richtig erraten wurden.
 
Antwortstatistiken
Land % Korrekt
Polen
100%
Dänemark
99%
Russland
99%
Belgien
97%
Deutschland
96%
Litauen
94%
Belarus
93%
Niederlande
93%
Schweiz
83%
Tschechien
65%
Ghana
51%
Mauretanien
49%
Vereinigte Staaten (Puerto Rico, Amerikanische Jungferninseln)
23%
Keine übereinstimmenden Quizze gefunden
Verteilung der Resultate
Anzahl Personen mit jedem Resultat
Perzentil nach korrekt beantworteten Fragen
Ihre Resultats-Entwicklung
Sie haben dieses Quiz noch nicht gespielt